<?xml version="1.0" encoding="UTF-8"?>
<record
    xmlns:xsi="http://www.w3.org/2001/XMLSchema-instance"
    xsi:schemaLocation="http://www.loc.gov/MARC21/slim http://www.loc.gov/standards/marcxml/schema/MARC21slim.xsd"
    xmlns="http://www.loc.gov/MARC21/slim">

  <leader>02263nam a2200361Ia 4500</leader>
  <datafield tag="952" ind1=" " ind2=" ">
    <subfield code="0">0</subfield>
    <subfield code="1">0</subfield>
    <subfield code="2">ddc</subfield>
    <subfield code="4">0</subfield>
    <subfield code="7">0</subfield>
    <subfield code="a">22</subfield>
    <subfield code="b">22</subfield>
    <subfield code="d">2010-08-11</subfield>
    <subfield code="l">2</subfield>
    <subfield code="o">HD62.7 R36 2009</subfield>
    <subfield code="p">17 000252</subfield>
    <subfield code="r">2023-07-28</subfield>
    <subfield code="s">2018-04-11</subfield>
    <subfield code="t">1</subfield>
    <subfield code="w">2012-06-26</subfield>
    <subfield code="y">LB</subfield>
    <subfield code="f"></subfield>
  </datafield>
  <datafield tag="952" ind1=" " ind2=" ">
    <subfield code="0">0</subfield>
    <subfield code="1">0</subfield>
    <subfield code="2">lcc</subfield>
    <subfield code="4">0</subfield>
    <subfield code="7">0</subfield>
    <subfield code="a">03</subfield>
    <subfield code="b">03</subfield>
    <subfield code="d">2017-04-27</subfield>
    <subfield code="l">0</subfield>
    <subfield code="o">HD62.7 R36 2009</subfield>
    <subfield code="p">03 009391</subfield>
    <subfield code="r">2017-04-27</subfield>
    <subfield code="t">1</subfield>
    <subfield code="w">2017-04-27</subfield>
    <subfield code="y">LB</subfield>
  </datafield>
  <datafield tag="952" ind1=" " ind2=" ">
    <subfield code="0">0</subfield>
    <subfield code="1">0</subfield>
    <subfield code="2">lcc</subfield>
    <subfield code="4">0</subfield>
    <subfield code="7">0</subfield>
    <subfield code="a">03</subfield>
    <subfield code="b">03</subfield>
    <subfield code="d">2017-04-27</subfield>
    <subfield code="l">0</subfield>
    <subfield code="o">HD62.7 R36 2009</subfield>
    <subfield code="p">03 009392</subfield>
    <subfield code="r">2017-04-27</subfield>
    <subfield code="t">2</subfield>
    <subfield code="w">2017-04-27</subfield>
    <subfield code="y">LB</subfield>
  </datafield>
  <datafield tag="952" ind1=" " ind2=" ">
    <subfield code="0">0</subfield>
    <subfield code="1">0</subfield>
    <subfield code="4">0</subfield>
    <subfield code="7">0</subfield>
    <subfield code="a">18</subfield>
    <subfield code="b">18</subfield>
    <subfield code="d">2017-05-30</subfield>
    <subfield code="l">2</subfield>
    <subfield code="o">HD62.7 R35</subfield>
    <subfield code="p">18 004454</subfield>
    <subfield code="r">2018-07-30</subfield>
    <subfield code="s">2018-07-30</subfield>
    <subfield code="t">1</subfield>
    <subfield code="w">2017-05-30</subfield>
    <subfield code="y">LB</subfield>
  </datafield>
  <datafield tag="952" ind1=" " ind2=" ">
    <subfield code="0">0</subfield>
    <subfield code="1">0</subfield>
    <subfield code="4">0</subfield>
    <subfield code="7">0</subfield>
    <subfield code="a">18</subfield>
    <subfield code="b">18</subfield>
    <subfield code="d">2017-05-30</subfield>
    <subfield code="l">3</subfield>
    <subfield code="o">HD62.7 R35</subfield>
    <subfield code="p">18 004455</subfield>
    <subfield code="r">2019-04-13</subfield>
    <subfield code="s">2019-04-13</subfield>
    <subfield code="t">2</subfield>
    <subfield code="w">2017-05-30</subfield>
    <subfield code="y">LB</subfield>
  </datafield>
  <datafield tag="952" ind1=" " ind2=" ">
    <subfield code="0">0</subfield>
    <subfield code="1">0</subfield>
    <subfield code="2">lcc</subfield>
    <subfield code="4">0</subfield>
    <subfield code="7">0</subfield>
    <subfield code="a">08</subfield>
    <subfield code="b">08</subfield>
    <subfield code="d">2017-04-21</subfield>
    <subfield code="l">2</subfield>
    <subfield code="o">HD62.7 R35 2009</subfield>
    <subfield code="p">08 006267</subfield>
    <subfield code="r">2020-02-20</subfield>
    <subfield code="s">2020-02-20</subfield>
    <subfield code="t">1</subfield>
    <subfield code="w">2017-08-17</subfield>
    <subfield code="y">LB</subfield>
  </datafield>
  <datafield tag="952" ind1=" " ind2=" ">
    <subfield code="0">0</subfield>
    <subfield code="1">0</subfield>
    <subfield code="2">lcc</subfield>
    <subfield code="4">0</subfield>
    <subfield code="7">0</subfield>
    <subfield code="a">08</subfield>
    <subfield code="b">08</subfield>
    <subfield code="d">2017-04-21</subfield>
    <subfield code="l">5</subfield>
    <subfield code="o">HD62.7 R35 2009</subfield>
    <subfield code="p">08 006268</subfield>
    <subfield code="r">2020-02-24</subfield>
    <subfield code="s">2020-02-24</subfield>
    <subfield code="t">2</subfield>
    <subfield code="w">2017-08-17</subfield>
    <subfield code="y">LB</subfield>
  </datafield>
  <datafield tag="952" ind1=" " ind2=" ">
    <subfield code="0">0</subfield>
    <subfield code="1">0</subfield>
    <subfield code="2">lcc</subfield>
    <subfield code="4">0</subfield>
    <subfield code="7">0</subfield>
    <subfield code="a">20</subfield>
    <subfield code="b">20</subfield>
    <subfield code="d">2018-03-20</subfield>
    <subfield code="l">1</subfield>
    <subfield code="o">HD62.7 R35 2009</subfield>
    <subfield code="p">20 000304</subfield>
    <subfield code="r">2018-07-16</subfield>
    <subfield code="s">2018-07-16</subfield>
    <subfield code="t">1</subfield>
    <subfield code="w">2018-03-20</subfield>
    <subfield code="y">LB</subfield>
  </datafield>
  <datafield tag="952" ind1=" " ind2=" ">
    <subfield code="0">0</subfield>
    <subfield code="1">0</subfield>
    <subfield code="2">lcc</subfield>
    <subfield code="4">0</subfield>
    <subfield code="7">0</subfield>
    <subfield code="a">22</subfield>
    <subfield code="b">22</subfield>
    <subfield code="d">2018-04-13</subfield>
    <subfield code="l">0</subfield>
    <subfield code="o">HD62.7 R35 2009</subfield>
    <subfield code="p">06 003878</subfield>
    <subfield code="r">2018-04-13</subfield>
    <subfield code="t">1</subfield>
    <subfield code="w">2018-04-13</subfield>
    <subfield code="y">LB</subfield>
  </datafield>
  <datafield tag="952" ind1=" " ind2=" ">
    <subfield code="0">0</subfield>
    <subfield code="1">0</subfield>
    <subfield code="2">lcc</subfield>
    <subfield code="4">0</subfield>
    <subfield code="7">0</subfield>
    <subfield code="a">22</subfield>
    <subfield code="b">22</subfield>
    <subfield code="d">2018-04-13</subfield>
    <subfield code="l">1</subfield>
    <subfield code="o">HD62.7 R35 2009</subfield>
    <subfield code="p">06 003879</subfield>
    <subfield code="r">2019-03-07</subfield>
    <subfield code="s">2019-03-07</subfield>
    <subfield code="t">2</subfield>
    <subfield code="w">2018-04-13</subfield>
    <subfield code="y">LB</subfield>
  </datafield>
  <datafield tag="952" ind1=" " ind2=" ">
    <subfield code="0">0</subfield>
    <subfield code="1">0</subfield>
    <subfield code="2">lcc</subfield>
    <subfield code="4">0</subfield>
    <subfield code="7">0</subfield>
    <subfield code="a">13</subfield>
    <subfield code="b">13</subfield>
    <subfield code="d">2020-03-17</subfield>
    <subfield code="l">0</subfield>
    <subfield code="o">HD62.7 R35 2009</subfield>
    <subfield code="p">13 005048</subfield>
    <subfield code="r">2020-03-17</subfield>
    <subfield code="t">1</subfield>
    <subfield code="w">2020-03-17</subfield>
    <subfield code="y">LB</subfield>
  </datafield>
  <datafield tag="952" ind1=" " ind2=" ">
    <subfield code="0">0</subfield>
    <subfield code="1">0</subfield>
    <subfield code="2">lcc</subfield>
    <subfield code="4">0</subfield>
    <subfield code="7">0</subfield>
    <subfield code="a">13</subfield>
    <subfield code="b">13</subfield>
    <subfield code="d">2020-03-17</subfield>
    <subfield code="l">0</subfield>
    <subfield code="o">HD62.7 R35 2009</subfield>
    <subfield code="p">13 005049</subfield>
    <subfield code="r">2020-03-17</subfield>
    <subfield code="t">2</subfield>
    <subfield code="w">2020-03-17</subfield>
    <subfield code="y">LB</subfield>
  </datafield>
  <datafield tag="999" ind1=" " ind2=" ">
    <subfield code="c">73156</subfield>
    <subfield code="d">73156</subfield>
  </datafield>
  <controlfield tag="005">20231102151113.0</controlfield>
  <controlfield tag="008">120626s2009    mx            000 0 spa d</controlfield>
  <datafield tag="020" ind1=" " ind2=" ">
    <subfield code="a">9788492650026</subfield>
  </datafield>
  <datafield tag="050" ind1="1" ind2="4">
    <subfield code="a">HD62.7</subfield>
    <subfield code="b">R35 2009</subfield>
  </datafield>
  <datafield tag="100" ind1=" " ind2=" ">
    <subfield code="a">Ram&#xED;rez G., Juan Carlos</subfield>
    <subfield code="e">autor</subfield>
  </datafield>
  <datafield tag="245" ind1="1" ind2="0">
    <subfield code="a">PYMES m&#xE1;s competitivas</subfield>
    <subfield code="c"> / Juan Carlos Ram&#xED;rez G.</subfield>
  </datafield>
  <datafield tag="260" ind1=" " ind2=" ">
    <subfield code="a">Espa&#xF1;a</subfield>
    <subfield code="b"> : Starbook</subfield>
    <subfield code="c">, 2009</subfield>
  </datafield>
  <datafield tag="300" ind1=" " ind2=" ">
    <subfield code="a">129 p&#xE1;ginas</subfield>
  </datafield>
  <datafield tag="500" ind1=" " ind2=" ">
    <subfield code="a">Publicado anteriormente como: PYMES m&#xE1;s competitivas : &#xBF;c&#xF3;mo pueden afrontar con &#xE9;xito las peque&#xF1;as y medianas empresas el agresivo mundo globalizado de los negocios?</subfield>
  </datafield>
  <datafield tag="500" ind1=" " ind2=" ">
    <subfield code="a">Incluye:
&#xCD;ndice
Epil&#xF3;go
Agradecimientos
Introducci&#xF3;n</subfield>
  </datafield>
  <datafield tag="505" ind1="2" ind2=" ">
    <subfield code="a">Creer en sue&#xF1;os y volverlos realidad
Construir empresas sensibles a los clientes
Arriesgarse a ser diferentes
Focalizarse
Encontrar el equilibrio para crecer
Adoptar el tri&#xE1;ngulo de la felicidad empresarial
Desarrollar una gran capacidad de aprendizaje</subfield>
  </datafield>
  <datafield tag="519" ind1=" " ind2=" ">
    <subfield code="a">Plan Flexible /</subfield>
    <subfield code="b">Contadur&#xED;a /</subfield>
    <subfield code="c">Peque&#xF1;a y Mediana Empresa (P13-2) / </subfield>
    <subfield code="d">(17 000252)</subfield>
  </datafield>
  <datafield tag="519" ind1=" " ind2=" ">
    <subfield code="a">Material complementario /</subfield>
    <subfield code="d">(03 009391 , 03 009392)</subfield>
  </datafield>
  <datafield tag="519" ind1=" " ind2=" ">
    <subfield code="a">Material Complementario /</subfield>
    <subfield code="d">(18 004454, 18 004455)</subfield>
  </datafield>
  <datafield tag="519" ind1=" " ind2=" ">
    <subfield code="a">Plan Flexible / </subfield>
    <subfield code="b">Contadur&#xED;a / </subfield>
    <subfield code="c">Alta direcci&#xF3;n (P09-3) / </subfield>
    <subfield code="d">(08 006268, 08 006267)</subfield>
  </datafield>
  <datafield tag="519" ind1=" " ind2=" ">
    <subfield code="a">Plan Flexible / </subfield>
    <subfield code="b">Contadur&#xED;a / </subfield>
    <subfield code="c">Alta direcci&#xF3;n (P09) / </subfield>
    <subfield code="d">(20 000304)</subfield>
  </datafield>
  <datafield tag="519" ind1=" " ind2=" ">
    <subfield code="a">Educaci&#xF3;n Mixta / </subfield>
    <subfield code="b">Contadur&#xED;a / </subfield>
    <subfield code="c">Planeaci&#xF3;n estrat&#xE9;gica (P02-1) / </subfield>
    <subfield code="d">(06 003878)</subfield>
  </datafield>
  <datafield tag="519" ind1=" " ind2=" ">
    <subfield code="a">Educaci&#xF3;n Mixta / </subfield>
    <subfield code="b">Contadur&#xED;a / </subfield>
    <subfield code="c">Alta direcci&#xF3;n (P09-3) / </subfield>
    <subfield code="d">(06 003879)</subfield>
  </datafield>
  <datafield tag="519" ind1=" " ind2=" ">
    <subfield code="a">Educaci&#xF3;n Mixta /</subfield>
    <subfield code="b">Contadur&#xED;a /</subfield>
    <subfield code="c">Peque&#xF1;a y Mediana Empresa (P13-2) / </subfield>
    <subfield code="d">(13 005048)</subfield>
  </datafield>
  <datafield tag="519" ind1=" " ind2=" ">
    <subfield code="a">Material Complementario /</subfield>
    <subfield code="d">(13 005049)</subfield>
  </datafield>
  <datafield tag="650" ind1="1" ind2="0">
    <subfield code="a">EMPRESAS</subfield>
    <subfield code="x">ADMINISTRACI&#xD3;N</subfield>
  </datafield>
  <datafield tag="650" ind1="1" ind2="0">
    <subfield code="a">COMPETITIVIDAD EMPRESARIAL</subfield>
  </datafield>
  <datafield tag="942" ind1=" " ind2=" ">
    <subfield code="c">LB</subfield>
    <subfield code="2">lcc</subfield>
  </datafield>
</record>
